|
|
|
|
| LEADER |
00000ny a22000003n 4500 |
| 005 |
20110512103636.0 |
| 008 |
091016c19uu9999ve r p s 0000a0spa d |
| 022 |
|
|
|a 1316-7939
|
| 035 |
|
|
|a 3142
|
| 040 |
|
|
|a BUS
|d vLex
|
| 090 |
|
|
|c 1729
|d 1729
|
| 245 |
3 |
0 |
|a Dikaiosyne
|h [Recurso electrn̤ico]
|
| 246 |
3 |
|
|a Revista Dikaiosyne
|
| 256 |
|
|
|a Servicio en ln̕ea
|
| 260 |
|
|
|a [Venezuela] :
|b Universidad de Los Andes
|
| 506 |
1 |
|
|a Contenido solo disponible en los productos indicados
|d vLex Global
|d vLex Global (Academic Edition, excluding Law Schools)
|d vLex Global (Academic Edition, Law Schools)
|
| 650 |
0 |
4 |
|a Ética
|x Publicaciones perid̤icas
|
| 650 |
0 |
4 |
|a Derecho constitucional
|x Publicaciones perid̤icas
|
| 650 |
0 |
4 |
|a Derecho
|x Filosofa̕
|x Publicaciones perid̤icas
|
| 650 |
0 |
4 |
|a Polt̕ica
|x Publicaciones perid̤icas
|
| 740 |
|
|
|a vLex Revista (Servicios en ln̕ea)
|
| 843 |
|
|
|a Electrn̤ica. Abierta
|
| 853 |
|
|
|8 1
|i (year)
|j (month)
|k (day)
|
| 856 |
4 |
0 |
|z Acceso restringido
|u http://vlex.com/account/login_ip?fuente_id=3142
|
| 942 |
|
|
|c REV
|
| 999 |
|
9 |
|a ethics
|
| 999 |
|
9 |
|a law
|
| 999 |
|
9 |
|a politics
|
| 999 |
|
9 |
|a practical philosophy
|